003740000a22001450004500020001500000060000800015082002100023100002400044245005200068260002000120260000900140300000800149490003100157650004000188 a0849327008 a100 a591.130 2 DIE.02 aRechcigl, Reference aDiets , culutre Medicinal and supplememnts V11 aOhio, CRC Press c1977 a462 aCRC Nutritional / and Food aAnimal Nutrition / Plants Nutrition